000 01364nam a2200289 a 4500
001 BRCA_4925
005 20190320204848.0
008 211010s1820----mx-#######---#000-0#spa-#
041 _aspa
044 _amx
084 _aDOC21
_b.R85
_c1820
100 1 _aRuíz de Apodaca, Juan,
_cConde de Venadito,
_d1754-1835
_912493
245 1 0 _aDocumento firmado por el Virrey Juan Ruíz de Apodaca
_cJuan Ruíz de Apodaca ; Juan Manuel del Mármol ; Cuellar.
260 _aMéxico
_c1820
300 _a[2] fojas
_c21 x 15 cm.
500 _aDocumento firmado el 11 de febrero de 1820.
500 _aDocumento que contiene un comunicado del Conde de Venadito dirigido al señor Administrador de la Real Aduana (Sr. Cuellar?), informándole su resolución negativa acerca del pago a Don Juan Manuel de Mármol.
500 _aEl documento contiene la leyenda DOC. #30.
500 _aEstado de conservación: contiene mancha de acidez en el margen derecho.
506 0 _aFondo Reservado. Para su consulta es necesario credencial de usuario y carta de motivos.
546 _aTexto en: español de principios del siglo XIX.
600 1 4 _aRuíz de Apodaca, Juan,
_cConde de Venadito
_d1754-1835
_xHistoria
_912494
651 4 _aMéxico
_xHistoria
_yGuerra de indepedencia, 1810-1821
_912495
700 1 _aMármol, Juan Manuel de
_912496
902 _aFDH
942 _2lcc
_cD
999 _c4619
_d4619